000 00508nam a2200217Ia 4500
003 OSt
005 20220924134809.0
006 a|||||r|||| 00| 0
007 ta
008 220923b |||||||| |||| 00| 0 ben d
024 _a287289
037 _cTextual
040 _aARTS
_cARTS
_bben
041 _2ben
_aben
082 _a71:M9, 157J9
100 _aKar C.
_9209271
245 0 _aSannidhya
260 _c1959
942 _h71:M9, 157J9
_cTEXL
_2CC
999 _c438620
_d438620